000 00564nam a2200229Ia 4500
005 20250425162823.0
008 250425s9999 xx 000 0 und d
020 _a0080254284
041 _aeng
044 _a-uk
100 _aFRANCOIS, D.
245 0 _aADVANCES IN FRACTURE RESEARCH (VOLUME 1)
250 _a1ST ED.
264 _aReino Unido, OXFORD
_bPERGAMON PRESS
_c1982.
300 _a513
362 _a1
650 _aFRACTURA (MECANICA)
650 _aFRACTURAMIENTO - TECNICAS
650 _aMETALES-FATIGA
942 _c01
010 _a110370
999 _c237122
_d237122